973 Districts of Turkey / Türkiye'nin ilçeleri (Belediye Quiz) - Statistics

General Stats
  • This quiz has been taken 123 times
  • The average score is 224 of 973
Answer Stats
Population District % Correct
47,624 Çan
76%
122,524 Kars
70%
787,770 Seyhan
67%
156,610 Ceyhan
65%
64,014 Kaş
65%
937,546 Çankaya
63%
467,919 Kadıköy
63%
201,717 Muş
63%
276,572 Büyükçekmece
61%
15,457 Çat
61%
169,022 Beşiktaş
60%
62,553 Bor
60%
978,007 Esenyurt
60%
29,935 Çay
59%
427,901 Esenler
59%
792,030 Küçükçekmece
59%
359,891 Alanya
57%
245,647 Beykoz
57%
198,335 Bodrum
57%
443,448 Elâzığ
57%
356,025 Fatih
57%
517,348 Üsküdar
57%
284,839 Adıyaman
55%
324,685 Afyonkarahisar
55%
42,425 Erzin
55%
617,229 Etimesgut
55%
407,436 Gebze
54%
128,895 Polatlı
54%
221,723 Silivri
54%
219,913 Bolu
53%
374,210 Çukurova
53%
743,774 Pendik
53%
321,160 Aksaray
52%
148,908 Amasya
52%
298,620 Antakya
52%
491,811 Batman
52%
141,199 Çarşamba
52%
177,569 Fethiye
52%
523,137 Maltepe
52%
280,068 Osmaniye
52%
344,250 Sarıyer
52%
336,062 Arnavutköy
51%
719,071 Bağcılar
51%
23,218 Bahçe
51%
523,487 Buca
51%
117,537 Burdur
51%
165,860 Erzincan
51%
258,367 Manavgat
51%
389,719 Sivas
51%
293,604 Tuzla
51%
42,209 Ardahan
49%
70,905 Bayburt
49%
73,264 Bitlis
49%
80,007 Çatalca
49%
50,028 Çeşme
49%
294,321 Çorum
49%
208,199 Karaman
49%
276,427 Kütahya
49%
236,864 Niğde
49%
402,350 Yüreğir
49%
153,709 Ağrı
48%
35,929 Artvin
48%
163,196 Bartın
48%
172,007 Bingöl
48%
378,656 İzmit
48%
475,042 Kartal
48%
159,195 Nevşehir
48%
16,921 Orta
48%
885,273 Osmangazi
48%
13,419 | 32,516 Pazar
48%
31,278 Perşembe
48%
48,537 Şile
48%
353,469 Tarsus
48%
155,863 Yalova
48%
223,446 | 277,445 | 55,745 Yenişehir
48%
218,589 Beyoğlu
47%
259,527 Düzce
47%
194,991 Edirne
47%
143,890 Giresun
47%
77,273 Hakkâri
47%
153,543 Iğdır
47%
227,498 İskenderun
47%
188,419 Kırıkkale
47%
867,193 Şehitkamil
47%
571,889 Sincan
47%
723,760 Ümraniye
47%
110,620 Yozgat
47%
16,325 Adalar
46%
409,347 Beylikdüzü
46%
98,574 Çankırı
46%
134,486 Karabük
46%
130,665 Kilis
46%
543,934 Nilüfer
46%
38,467 Selçuk
46%
108,699 Şırnak
46%
121,969 Yüksekova
46%
74,643 Ayvalık
45%
203,523 Çanakkale
45%
153,849 Ereğli
45%
157,605 | 47,876 Gölbaşı
45%
54,503 Gümüşhane
45%
923,404 Keçiören
45%
2,888 | 49,695 Kemer
45%
196,498 Konyaaltı
45%
132,640 Kozan
45%
133,177 Kuşadası
45%
184,163 Siirt
45%
29,952 Alaca
43%
416,529 Ataşehir
43%
567,848 Bahçelievler
43%
166,836 Bandırma
43%
509,915 Başakşehir
43%
44,461 Gelibolu
43%
341,857 Karşıyaka
43%
162,989 Kırşehir
43%
44,527 Of
43%
69,844 Sinop
43%
279,431 Adapazarı
42%
437,221 Avcılar
42%
82,416 Bilecik
42%
447,553 Bornova
42%
129,604 | 171,700 Edremit
42%
27,176 Hopa
42%
271,396 Isparta
42%
155,011 Kastamonu
42%
112,323 Kırklareli
42%
96,778 Marmaris
42%
109,964 Mudanya
42%
421,469 Odunpazarı
42%
98,938 Sur
42%
207,741 Tokat
42%
41,389 Tunceli
42%
265,148 Uşak
42%
48,558 Beypazarı
41%
483,830 Gaziosmanpaşa
41%
117,956 | 9,688 Kemalpaşa
41%
682,279 Mamak
41%
512,700 Muratpaşa
41%
63,516 Mut
41%
147,996 Rize
41%
939,497 Şahinbey
41%
34,122 Şereflikoçhisar
41%
264,736 Şişli
41%
260,879 Akdeniz
40%
412,267 Altındağ
40%
245,328 Atakum
40%
220,476 Bakırköy
40%
25,649 Datça
40%
114,727 Doğubayazıt
40%
269,944 Güngören
40%
445,672 Kâğıthane
40%
614,135 Kepez
40%
84,846 Keşan
40%
11,454 Marmara
40%
81,862 Orhangazi
40%
137,047 Silifke
40%
360,702 Sultanbeyli
40%
18,630 Yumurtalık
40%
117,360 Zonguldak
40%
66,940 Anamur
39%
294,020 Çorlu
39%
132,303 Kâhta
39%
162,074 Nazilli
39%
701,638 Yenimahalle
39%
127,755 Elbistan
37%
153,967 Erdemli
37%
420,194 Eyüpsultan
37%
2,352 Han
37%
33,494 Haymana
37%
532,802 Sultangazi
37%
299,806 Çekmeköy
36%
99,096 Çubuk
36%
125,399 Fatsa
36%
55,185 Gazipaşa
36%
19,388 | 6,492 Kale
36%
322,702 Ortahisar
36%
20,730 Pozantı
36%
695,771 Selçuklu
36%
132,915 Ünye
36%
654,491 Yıldırım
36%
280,896 Zeytinburnu
36%
14,552 Amasra
35%
100,189 Didim
35%
45,034 Elmadağ
35%
27,340 İmamoğlu
35%
299,203 İnegöl
35%
327,300 Konak
35%
155,670 Lüleburgaz
35%
122,308 Midyat
35%
161,926 Pursaklar
35%
102,036 Tatvan
35%
37,215 Ürgüp
35%
225,349 Altınordu
34%
161,135 Cizre
34%
129,276 Dörtyol
34%
86,109 Döşemealtı
34%
41,240 Elmalı
34%
17,300 Feke
34%
21,629 Kangal
34%
188,846 Karesi
34%
31,800 Kızılcahamam
34%
207,748 Menemen
34%
346,047 Pamukkale
34%
70,043 Safranbolu
34%
120,600 Samandağ
34%
236,300 Sarıçam
34%
4,807 Seben
34%
166,541 Şehzadeler
34%
320,377 Toroslar
34%
178,812 Akhisar
33%
106,168 Aliağa
33%
143,109 Bafra
33%
50,688 Finike
33%
177,441 Gölcük
33%
25,250 Karataş
33%
76,266 Merzifon
33%
87,935 Tire
33%
43,075 Çayeli
31%
171,035 Erciş
31%
122,171 Gemlik
31%
127,513 Kadirli
31%
180,131 Körfez
31%
23,193 Korkut
31%
223,424 Mezitli
31%
177,109 Palandöken
31%
165,182 Salihli
31%
141,569 Serik
31%
271,832 Siverek
31%
18,844 Söğüt
31%
124,217 Söke
31%
17,260 Tufanbeyli
31%
77,599 Urla
31%
16,950 Aladağ
30%
28,704 Balâ
30%
35,868 Demirci
30%
47,492 Dinar
30%
36,000 Foça
30%
55,604 Hassa
30%
60,804 Kahramankazan
30%
149,691 Milas
30%
26,831 Nallıhan
30%
27,910 Ondokuzmayıs
30%
13,860 Saimbeyli
30%
492,804 Sancaktepe
30%
37,348 Sarıkamış
30%
111,276 Soma
30%
177,071 Turgutlu
30%
270,726 Yunusemre
30%
268,850 Bayrampaşa
29%
16,893 Divriği
29%
308,039 Efeler
29%
43,603 Emirdağ
29%
3,581 Evren
29%
476,500 Karabağlar
29%
175,294 Karadeniz Ereğli
29%
23,110 Karaisalı
29%
75,954 Kestel
29%
106,975 Kırıkhan
29%
271,307 Kızıltepe
29%
59,295 Korkuteli
29%
585,483 Melikgazi
29%
109,356 Menderes
29%
103,944 Mustafakemalpaşa
29%
427,272 Onikişubat
29%
112,515 Patnos
29%
19,948 Şebinkarahisar
29%
100,651 Tavşanlı
29%
390,116 Tepebaşı
29%
92,946 Akşehir
28%
185,458 Altıeylül
28%
194,073 Artuklu
28%
32,682 Avanos
28%
15,581 Ayaş
28%
107,133 Bergama
28%
93,778 Biga
28%
3,243 Bozcaada
28%
142,146 Defne
28%
322,228 İlkadım
28%
14,971 Kumlu
28%
44,442 Malazgirt
28%
31,191 Marmara Ereğlisi
28%
118,640 Nusaybin
28%
67,262 Pazarcık
28%
148,126 Silopi
28%
32,879 Sındırgı
28%
20,478 Sivrihisar
28%
168,172 Talas
28%
214,059 Torbalı
28%
27,282 Ula
28%
286,918 | 8,356 Yeşilyurt
28%
11,896 Akseki
27%
105,397 Alaşehir
27%
106,118 Arsuz
27%
269,150 Battalgazi
27%
79,030 Beyşehir
27%
32,268 Erdek
27%
10,721 Gökçeada
27%
98,999 Harran
27%
44,988 İznik
27%
407,600 Kocasinan
27%
27,322 Maçka
27%
123,227 Menteşe
27%
347,341 Meram
27%
113,615 Reyhanlı
27%
55,413 Sandıklı
27%
44,742 Şemdinli
27%
22,809 Ulus
27%
55,406 Acıpayam
25%
129,628 Akçaabat
25%
4,135 | 80,350 Aksu
25%
394,338 Bağlar
25%
77,831 Balçova
25%
34,430 Belen
25%
76,415 Besni
25%
45,073 Bolvadin
25%
79,853 Bozüyük
25%
213,243 Çerkezköy
25%
27,762 Demre
25%
8,780 Eceabat
25%
400,084 Eyyübiye
25%
38,044 Güzelbahçe
25%
375,919 Karatay
25%
43,361 Kula
25%
14,113 Mengen
25%
150,037 Nizip
25%
46,080 Sapanca
25%
18,779 | 51,224 Saray
25%
65,928 Seydişehir
25%
61,346 Simav
25%
49,086 Sungurlu
25%
38,025 Susurluk
25%
38,372 Taşköprü
25%
41,363 Akçakoca
24%
43,918 Akyurt
24%
51,124 Araklı
24%
100,040 Canik
24%
8,745 Çıldır
24%
49,044 Dalaman
24%
19,403 Digor
24%
48,379 Dikili
24%
137,768 Gaziemir
24%
22,735 Göle
24%
10,014 Güdül
24%
4,243 İbradı
24%
13,296 Kalecik
24%
26,346 Kavak
24%
43,572 Kiraz
24%
5,677 | 7,173 Ovacık
24%
24,172 | 6,970 Pınarbaşı
24%
58,570 Seferihisar
24%
25,295 Suşehri
24%
33,459 Tirebolu
24%
211,065 Viranşehir
24%
20,592 | 30,396 Yenice
24%
21,746 Arhavi
23%
300,949 Bayraklı
23%
45,833 Boyabat
23%
8,692 Çamlıyayla
23%
227,892 Darıca
23%
54,391 Dilovası
23%
100,323 Erbaa
23%
38,130 Espiye
23%
7,094 | 75,572 Gönen
23%
22,121 Gümüşhacıköy
23%
392,600 Haliliye
23%
350,708 İpekyolu
23%
2,980 Kıbrıscık
23%
74,353 Kumluca
23%
18,190 Manyas
23%
132,650 Ödemiş
23%
65,851 Seydikemer
23%
219,230 Süleymanpaşa
23%
30,882 Taşova
23%
9,635 Tut
23%
30,183 Varto
23%
31,719 Yıldızeli
23%
53,755 Zile
23%
11,729 Armutlu
22%
24,622 Borçka
22%
68,290 Bucak
22%
70,092 Bulancak
22%
17,734 Çukurca
22%
36,177 Gerede
22%
15,211 Gölmarmara
22%
8,259 Gündoğmuş
22%
103,770 Gürsu
22%
38,824 Havza
22%
2,499 Hemşin
22%
6,244 İnönü
22%
34,285 Kaman
22%
13,379 Karaburun
22%
85,765 Karacabey
22%
40,665 Köyceğiz
22%
26,168 Lice
22%
30,296 Oltu
22%
26,833 Pasinler
22%
12,984 Refahiye
22%
46,986 Suluova
22%
103,621 Suruç
22%
12,025 | 23,033 Ulubey
22%
23,873 Zara
22%
78,152 Afşin
20%
44,475 Ahlat
20%
17,370 Ahmetli
20%
22,456 Akkuş
20%
7,708 Arguvan
20%
15,047 | 7,852 Bayat
20%
23,568 Beşikdüzü
20%
12,094 Beydağ
20%
65,790 Burhaniye
20%
18,781 Çekerek
20%
215,172 Çiğli
20%
37,687 Diyadin
20%
30,988 Eğirdir
20%
13,237 Eynesil
20%
15,679 Gerger
20%
33,986 Gülnar
20%
7,969 Hasankeyf
20%
142,662 Kapaklı
20%
59,952 Karamürsel
20%
5,066 Kemaliye
20%
20,763 Keşap
20%
12,897 Meriç
20%
340,400 Merkezefendi
20%
62,148 Narlıdere
20%
39,465 Nurdağı
20%
31,613 | 8,496 Ortaköy
20%
44,131 Payas
20%
6,340 Posof
20%
4,010 Pülümür
20%
34,047 Şarköy
20%
57,452 Saruhanlı
20%
16,917 Şavşat
20%
10,546 Tefenni
20%
21,044 Ulukışla
20%
14,517 Üzümlü
20%
29,466 Vize
20%
49,721 Yomra
20%
18,802 Yusufeli
20%
29,697 Adilcevaz
19%
42,467 Ardeşen
19%
10,208 | 11,662 Aydıncık
19%
21,090 | 35,141 Ayvacık
19%
26,985 Bozyazı
19%
17,919 Çal
19%
8,066 Çemişgezek
19%
78,351 Çınar
19%
4,757 Damal
19%
146,409 Derince
19%
38,533 Dicle
19%
14,206 Domaniç
19%
34,178 Genç
19%
9,243 Gülyalı
19%
9,573 Güney
19%
14,271 Ilgaz
19%
10,044 İliç
19%
31,626 İvrindi
19%
11,011 Kabataş
19%
142,175 Kartepe
19%
7,517 Kemah
19%
29,205 Kınık
19%
30,259 Lapseki
19%
7,827 Mazgirt
19%
15,357 Mesudiye
19%
3,037 Mihalgazi
19%
29,203 Mutki
19%
19,527 Orhaneli
19%
56,056 Ortaca
19%
20,215 Palu
19%
9,967 Pazaryeri
19%
15,779 Pütürge
19%
26,127 Sürmene
19%
16,573 Tercan
19%
90,388 Vezirköprü
19%
186,066 Yakutiye
19%
45,614 Yatağan
19%
41,698 Yayladağı
19%
11,998 | 2,895 Yenipazar
19%
43,417 Alaplı
18%
10,678 Alpu
18%
33,680 Altınova
18%
11,157 Ardanuç
18%
32,717 Arsin
18%
7,799 Çamlıhemşin
18%
26,318 Darende
18%
62,475 Derik
18%
30,103 Eleşkirt
18%
18,264 Emet
18%
137,492 Ergani
18%
34,692 Eşme
18%
33,413 Ezine
18%
17,385 Fındıklı
18%
49,915 Gediz
18%
44,793 Germencik
18%
15,543 Gürgentepe
18%
11,352 Hacıbektaş
18%
46,312 Halfeti
18%
9,091 İmranlı
18%
25,033 İscehisar
18%
64,013 İslahiye
18%
44,162 Kağızman
18%
53,845 Kandıra
18%
277,160 Karaköprü
18%
40,875 Kelkit
18%
16,907 Ladik
18%
8,576 Mihalıççık
18%
18,576 Mudurnu
18%
43,388 Osmancık
18%
6,898 Samsat
18%
164,222 Serdivan
18%
16,477 Sincik
18%
14,229 Sultandağı
18%
39,949 Tosya
18%
27,619 Tutak
18%
27,339 Vakfıkebir
18%
19,495 Aralık
17%
51,467 Arifiye
17%
35,313 Banaz
17%
119,972 Bismil
17%
10,325 Büyükorhan
17%
13,971 Çamlıdere
17%
7,254 Çamoluk
17%
15,180 Çaykara
17%
22,965 Cide
17%
28,780 Çiftlik
17%
50,922 Cihanbeyli
17%
19,308 Dereli
17%
67,918 Develi
17%
214,608 Dulkadiroğlu
17%
2,957 Dumlupınar
17%
27,795 Eskil
17%
49,119 Göksun
17%
26,970 Gölköy
17%
32,777 Hani
17%
6,334 Harmancık
17%
30,930 Hayrabolu
17%
20,106 Hekimhan
17%
24,419 Hınıs
17%
34,237 Honaz
17%
26,155 İpsala
17%
29,612 Karakoçan
17%
26,819 Karlıova
17%
10,975 Kavaklıdere
17%
425,143 Kayapınar
17%
11,321 Keles
17%
21,804 Kepsut
17%
16,938 Keskin
17%
5,035 Kiğı
17%
37,823 Kırkağaç
17%
28,144 Korgan
17%
50,908 Kozlu
17%
52,447 Kulu
17%
29,704 Kumru
17%
13,320 Maden
17%
6,319 Murgul
17%
62,287 Niksar
17%
14,571 Ömerli
17%
87,707 Silvan
17%
80,618 Sorgun
17%
41,447 Tavas
17%
7,572 Termal
17%
73,120 Terme
17%
33,377 Yerköy
17%
19,565 Acıgöl
16%
127,277 Akçakale
16%
40,842 Akdağmadeni
16%
25,148 Alaçam
16%
66,533 Altınözü
16%
10,514 Alucra
16%
20,966 Aybastı
16%
13,000 Balya
16%
42,922 Başkale
16%
40,618 Bayındır
16%
16,056 Beytüşşebap
16%
13,187 Buharkent
16%
91,968 Çaycuma
16%
153,301 Çayırova
16%
16,909 Çerkeş
16%
92,147 Ceylanpınar
16%
48,585 Çine
16%
28,434 Dargeçit
16%
20,767 Derinkuyu
16%
6,703 Dörtdivan
16%
28,103 Ermenek
16%
27,437 Gevaş
16%
32,192 Görele
16%
18,118 Gürün
16%
10,944 Hafik
16%
8,033 Hanak
16%
27,630 Hasköy
16%
28,287 Havran
16%
17,772 Hazro
16%
31,911 Hizan
16%
51,166 Karapınar
16%
73,738 Karasu
16%
7,964 Keban
16%
38,988 Kovancılar
16%
51,406 Malkara
16%
13,108 Musabeyli
16%
15,151 Piraziz
16%
31,866 Sarıkaya
16%
37,758 Şarkışla
16%
19,939 Sivaslı
16%
22,041 Tomarza
16%
78,827 Turhal
16%
74,255 Türkoğlu
16%
36,078 Yahyalı
16%
13,494 Yeşilli
16%
4,461 Abana
14%
7,929 Ağlasun
14%
96,605 Akyazı
14%
25,116 Almus
14%
5,224 | 8,866 Altınyayla
14%
33,196 Araban
14%
46,595 Babaeski
14%
121,278 Başiskele
14%
35,075 Boğazlıyan
14%
11,000 | 9,738 Bozkurt
14%
10,232 Çamaş
14%
8,781 Çardak
14%
14,480 Çiçekdağı
14%
68,543 Çumra
14%
86,616 Düziçi
14%
6,252 Elbeyli
14%
10,625 Enez
14%
14,343 Eskipazar
14%
26,240 Gördes
14%
14,711 Göynük
14%
21,806 Gülşehir
14%
12,979 Hacılar
14%
43,448 Hilvan
14%
36,359 Horasan
14%
14,013 İkizce
14%
8,676 İkizdere
14%
53,707 Ilgın
14%
56,934 İncirliova
14%
7,548 Kabadüz
14%
31,852 Kadınhanı
14%
10,616 Karpuzlu
14%
14,646 Keçiborlu
14%
2,308 Kofçaz
14%
12,959 Koyulhisar
14%
62,232 Kurtalan
14%
13,406 Kürtün
14%
6,681 Kurucaşile
14%
26,047 Kuyucak
14%
6,198 Lalapaşa
14%
37,170 Oğuzeli
14%
6,737 Olur
14%
2,423 Otlukbeli
14%
21,243 Salıpazarı
14%
36,071 Şuhut
14%
9,052 Susuz
14%
6,546 Tuzlukçu
14%
46,740 Uludere
14%
59,719 Uzunköprü
14%
5,383 Yenifakılı
14%
15,938 Yeşilhisar
14%
49,177 Bigadiç
13%
72,714 Bulanık
13%
14,014 Çatalpınar
13%
49,900 Çermik
13%
42,078 Çınarcık
13%
57,562 Devrek
13%
33,621 Dursunbey
13%
10,101 Eflani
13%
68,695 Ergene
13%
20,011 Eruh
13%
32,752 Ferizli
13%
10,363 Göynücek
13%
49,161 Güroymak
13%
16,097 Hamur
13%
20,679 Kaynaşlı
13%
4,710 Kazımkarabekir
13%
7,261 Köse
13%
37,576 Kulp
13%
14,441 Mecitözü
13%
18,559 Mucur
13%
3,400 Pehlivanköy
13%
11,463 Pertek
13%
17,738 Pınarhisar
13%
4,651 Sarıcakaya
13%
31,792 Sason
13%
16,787 Savaştepe
13%
19,115 Selendi
13%
21,178 Selim
13%
16,112 Şenkaya
13%
13,481 Seyitgazi
13%
13,375 Sumbas
13%
58,615 Tekkeköy
13%
164,451 Tuşba
13%
23,584 Tuzluca
13%
12,983 Bahçesaray
12%
16,578 Baskil
12%
93,866 Birecik
12%
55,553 Bozova
12%
5,539 Boztepe
12%
26,542 Buldan
12%
13,614 Çamardı
12%
18,825 Çatak
12%
6,073 Çavdarhisar
12%
12,461 Çayıralan
12%
14,856 Çelikhan
12%
10,771 Çüngüş
12%
9,656 Demirköy
12%
8,072 Demirözü
12%
25,907 Derecik
12%
6,539 Doğankent
12%
22,717 Gemerek
12%
21,958 Gercüş
12%
3,614 Gölova
12%
9,415 Güneysınır
12%
11,675 Güzelyurt
12%
5,952 Hozat
12%
30,477 İncesu
12%
15,914 İspir
12%
24,559 Karayazı
12%
10,265 Karkamış
12%
28,440 Köşk
12%
44,322 Muradiye
12%
11,959 Narman
12%
21,875 Osmaneli
12%
57,829 Özalp
12%
29,448 Pervari
12%
36,727 Reşadiye
12%
20,202 Şiran
12%
33,651 Solhan
12%
20,399 Sultanhisar
12%
22,686 Tekman
12%
6,426 Uluborlu
12%
9,145 Yakakent
12%
6,809 Yeniçağa
12%
14,437 Yeşilova
12%
21,290 Yunak
12%
2,834 Ağın
11%
34,322 Akçadağ
11%
14,851 Altınekin
11%
15,446 Altıntaş
11%
7,469 Artova
11%
21,410 Aşkale
11%
5,079 Atkaracalar
11%
7,070 Aydıntepe
11%
68,251 Aziziye
11%
29,160 Bayramiç
11%
32,378 Beşiri
11%
6,016 Beylikova
11%
30,834 Bünyan
11%
12,625 Çaybaşı
11%
10,324 Çeltik
11%
53,858 Çiftlikköy
11%
16,091 Cumayeri
11%
14,142 Düzköy
11%
7,945 Emirgazi
11%
91,611 Erenler
11%
5,679 Günyüzü
11%
31,816 Gürpınar
11%
4,183 Halkapınar
11%
4,003 Hamamözü
11%
4,395 Hanönü
11%
91,486 Hendek
11%
10,996 Hisarcık
11%
77,159 İdil
11%
9,366 İyidere
11%
21,961 Karaçoban
11%
13,116 Karakoyunlu
11%
16,040 Kargı
11%
4,226 Korgun
11%
13,412 Kozaklı
11%
9,947 Kurşunlu
11%
37,399 Mazıdağı
11%
3,437 Nazımiye
11%
11,984 Nurhak
11%
4,523 Özvatan
11%
5,154 Polateli
11%
11,278 Sarız
11%
4,844 Şenpazar
11%
20,779 Şirvan
11%
10,325 Sivrice
11%
21,421 Toprakkale
11%
12,292 Torul
11%
39,731 Yahşihan
11%
45,694 Yalvaç
11%
23,298 Yavuzeli
11%
2,798 Yedisu
11%
8,863 Adaklı
10%
6,246 Akkışla
10%
5,902 Akören
10%
7,535 Akpınar
10%
18,676 Araç
10%
10,641 Arapgir
10%
14,670 Arpaçay
10%
8,485 Aslanapa
10%
24,473 Ayancık
10%
5,457 Baklan
10%
7,016 Balışeyh
10%
23,159 Çağlayancerit
10%
17,814 Çameli
10%
8,127 Çatalzeytin
10%
8,415 Çayırlı
10%
59,912 Çivril
10%
11,227 Delice
10%
4,294 Dernekpazarı
10%
5,156 Dikmen
10%
7,331 Eldivan
10%
13,123 Erfelek
10%
6,550 Felahiye
10%
29,534 Gerze
10%
51,676 Geyve
10%
9,831 Gölpazarı
10%
17,556 Gömeç
10%
8,574 Güce
10%
12,830 Güçlükonak
10%
20,120 Gülağaç
10%
15,953 Güneysu
10%
5,455 Hasanbeyli
10%
18,077 Havsa
10%
15,431 Hüyük
10%
20,480 İnebolu
10%
2,377 İnhisar
10%
29,270 İskilip
10%
17,880 Karacasu
10%
9,884 Karahallı
10%
33,639 Kilimli
10%
26,523 Kocaali
10%
12,752 | 4,776 Köprübaşı
10%
61,297 Kozluk
10%
31,205 Pamukova
10%
5,064 Pazarlar
10%
11,828 Saraykent
10%
28,967 Sarayönü
10%
15,394 Sarıoğlan
10%
24,990 Şarkikaraağaç
10%
26,173 Savur
10%
14,594 Şefaatli
10%
4,796 Seydiler
10%
39,566 Sinanpaşa
10%
12,366 Sultanhanı
10%
6,698 Sulusaray
10%
7,058 Taraklı
10%
6,976 Taşkent
10%
4,441 Tillo
10%
14,315 Tonya
10%
17,418 Tortum
10%
8,879 Ulaş
10%
15,744 Yağlıdere
10%
1,854 Yalıhüyük
10%
3,792 Akçakent
8%
9,998 Akyaka
8%
14,970 Arıcak
8%
6,424 Babadağ
8%
2,740 Bayramören
8%
6,565 Bekilli
8%
56,901 Çaldıran
8%
4,434 Çandır
8%
5,337 Çeltikçi
8%
14,404 Çobanlar
8%
8,456 Daday
8%
11,642 Dazkırı
8%
7,732 Derepazarı
8%
13,886 Devrekani
8%
3,216 Doğanşar
8%
7,173 Evciler
8%
23,920 Gölhisar
8%
11,459 Hadim
8%
8,644 Hocalar
8%
5,235 İhsangazi
8%
10,612 Kadışehri
8%
15,042 Kalkandere
8%
3,659 Karakeçili
8%
13,713 Karapürçek
8%
7,703 Kızılırmak
8%
2,107 Kızılören
8%
5,644 Küre
8%
7,715 Mahmudiye
8%
30,411 Muratlı
8%
4,290 Pazaryolu
8%
11,780 Şalpazarı
8%
5,844 Şaphane
8%
35,519 Sarıgöl
8%
5,804 Sarıyahşi
8%
15,411 Söğütlü
8%
6,762 Sulakyurt
8%
6,405 Süloğlu
8%
18,781 Taşlıçay
8%
16,370 Yazıhan
8%
5,027 Ahırlı
7%
5,111 Akıncılar
7%
6,157 Alacakaya
7%
16,906 Asarcık
7%
7,630 Ayrancı
7%
8,031 Azdavay
7%
8,038 Bahşılı
7%
3,434 Başyayla
7%
4,068 Boğazkale
7%
25,885 Bozkır
7%
6,917 Çanakçı
7%
13,095 Çavdır
7%
14,926 Çifteler
7%
4,160 Derbent
7%
5,786 Dodurga
7%
35,936 Doğanşehir
7%
17,900 Durağan
7%
23,712 Eğil
7%
10,471 Ekinözü
7%
15,537 Kocaköy
7%
22,599 Koçarlı
7%
13,192 Şabanözü
7%
11,884 Sarıveliler
7%
11,196 Senirkent
7%
7,973 Uzundere
7%
8,608 Yapraklı
7%
3,521 Ağlı
6%
14,225 Altunhisar
6%
32,581 Andırın
6%
6,103 Atabey
6%
6,216 Başçiftlik
6%
9,378 Başmakçı
6%
26,338 Baykan
6%
6,532 Beyağaç
6%
32,528 Bozdoğan
6%
15,753 Çarşıbaşı
6%
3,954 Çelebi
6%
19,097 Çilimli
6%
5,790 Derebucak
6%
14,815 Doğanhisar
6%
4,436 Doğanyol
6%
14,471 Gelendost
6%
21,344 Gökçebey
6%
17,198 Gümüşova
6%
9,337 Hayrat
6%
29,044 İhsaniye
6%
4,883 Laçin
6%
31,047 Sarayköy
6%
17,211 Türkeli
6%
2,304 Yayladere
6%
2,495 Yenişarbademli
6%
14,948 Yığılca
6%
25,137 Kaynarca
5%
8,549 Kuluncak
5%
14,591 Serinhisar
5%
10,143 Sütçüler
5%
8,333 Uğurludağ
5%
7,971 Ağaçören
4%
5,433 Doğanyurt
4%
20,962 Gölyaka
4%
8,249 Karamanlı
4%
14,184 Köprüköy
4%
5,240 Oğuzlar
2%
6,642 Saraydüzü
2%
No matching quizzes found
Score Distribution
Percent of People with Each Score
Percentile by Number Answered
Your Score History
You have not taken this quiz